| 000 | 00373nam a22001577a 4500 | ||
|---|---|---|---|
| 999 |
_c530821 _d530821 |
||
| 003 | NUST | ||
| 005 | 20191015113216.0 | ||
| 008 | 191015b ||||| |||| 00| 0 eng d | ||
| 038 | _aMSOHAIL | ||
| 082 | _a0 | ||
| 100 |
_aTariq Ismail Sagar _99439 |
||
| 245 | _aCourt Martial | ||
| 260 |
_aLahore _b7th Sky Publications _c2007 |
||
| 300 |
_a400,p; _c22cm |
||
| 942 |
_2ddc _cBK |
||